| 000 | 01459nam a22004817a 4500 | ||
|---|---|---|---|
| 001 | 0051415 | ||
| 003 | KOHA_MİRAKIL | ||
| 005 | 20260207003805.0 | ||
| 007 | ta | ||
| 008 | 150629b2011 tu |||gr||||#||||0|tur | | ||
| 020 | _a9786053951520 | ||
| 020 |
_a _a 6053951528 |
||
| 040 |
_aTR-BiSEU _btur _cTR-BiSEU _erda |
||
| 041 | 0 | _atur | |
| 044 | _ctu | ||
| 050 |
_aQA184.5 _b.S23 2011 |
||
| 100 | 1 | _aSabuncuoğlu, Arif. | |
| 245 | 1 |
_aÇözümlü lineer cebir alıştırmaları/ _cArif Sabuncuoğlu ; Arif Sabuncuoğlu. |
|
| 250 | _a2. Basım | ||
| 264 | 1 |
_aAnkara : _bNobel Yayın Dağıtım _c2011 |
|
| 300 |
_aVI, 525 sayfa ; _c24 cm. |
||
| 336 |
_ametin _btxt _2rdacontent |
||
| 337 |
_aaracısız _bn _2rdamedia |
||
| 338 |
_acilt _bnc _2rdacarrier |
||
| 490 | 1 |
_aNobel ; _vyayın no. |
|
| 490 | 1 | _a171. | |
| 490 | 1 | _a Matematik-istatistik Dizi No. | |
| 490 | 1 |
_a ; _v7. |
|
| 500 | _aKaynakça var. | ||
| 650 | 0 |
_aCebir, Doğrusal--Problemler, alıştırmalar, vb. _966060 |
|
| 650 | 0 |
_aAlgebras, Linear--Problems, exercises, etc. _966061 |
|
| 650 | 0 |
_aCebir, Doğrusal. _91872 |
|
| 650 | 0 |
_aAlgebras, Linear. _91871 |
|
| 650 | 0 |
_aMatrisler. _92756 |
|
| 650 | 0 |
_aMatrices. _92755 |
|
| 650 | 0 |
_aVektör uzayları. _995618 |
|
| 650 | 0 |
_aVector spaces. _995619 |
|
| 830 | 1 |
_aNobel ; _vyayın no. _91846 |
|
| 830 | 1 |
_a171. _95542 |
|
| 830 | 1 |
_a Matematik-istatistik Dizi No. _995620 |
|
| 830 | 1 |
_a ; _v7. _91620 |
|
| 942 |
_2lcc _cBK |
||
| 999 |
_c51239 _d51239 |
||